000
00201 a2200097 4500
001
969
100
_a
TayLore,D.
245
_a
Principles of Radar
260
_a
_b
University Press
_c
090
_c
555
_d
555
942
_a
NUST-CAE
_c
_c
31989
999
_c
236042
_d
236042